Green book /

Đã lưu trong:
Chi tiết về thư mục
Tác giả chính: Bowers, Kris (Nhà soạn nhạc)
Tác giả khác: Vallelonga, Nick (Biên kịch, Người viết kịch bản), Farneth, Steven (Nhà sản xuất), Parker, Kwame (Nhà sản xuất), Hatton, Mike (Diễn viên), Theba, Iqbal (Diễn viên), Maniscalco, Sebastian (Diễn viên), Porter, Sean (Nhiếp ảnh gia), Mortensen, Viggo, (1958-) (Diễn viên), Ali, Mahershala (Diễn viên), Currie, Brian (Biên kịch, Người viết kịch bản), Cardellini, Linda (Diễn viên), Farrelly, Peter (Giám đốc, Biên kịch), Sloss, John (Nhà sản xuất)
Định dạng: Slide
Ngôn ngữ:Tiếng Italy
Tiếng Anh
Được phát hành: Milano : Eagle pictures, ©2019
Các nhãn: Thêm thẻ
Không có thẻ, Là người đầu tiên thẻ bản ghi này!

MARC

LEADER 00000ngm a22000007i 4500
001 IT\ICCU\LIA\0975886
003 ItRI
005 20260124182904.0
008 190530s2019 it |||||||||||||||k|||||c
024 3 1 |a 8031179956456 
028 4 2 |a 865645EVDO 
040 |b ita 
041 7 |a ita  |a eng  |2 ISO-639-2 
082 |a 791.43  |9 CINEMA  |2 21 
130 0 |a Green Book <film ; 2018>  |3 IT\ICCU\UBO\4382818 
245 0 0 |a Green book /  |c directed by Peter Farrelly ; music by Kris Bowers ; director of photography Sean Porter ; written by Nick Vallelonga, Brian Currie, Peter Farrelly ; prodotto da Steven Farneth, Kwame Parker, John Sloss. 
260 |a Milano :  |b Eagle pictures,  |c ©2019 
300 |a 1 DVD-Video (125 min) :  |b color., sonoro ;  |c 12 cm 
500 |a Caratteristiche tecniche: regione 2; sistema e formato video: PAL, 16:9-2:1; formato audio: Dolby digital 5.1; DVD9: singola faccia, doppio strato 
500 |a Titolo del contenitore 
500 |a Produzione cinematografica USA 2018 
500 |a Lingue: italiano, inglese; sottotitoli: italiano, italiano per non udenti 
511 |a Interpreti: Viggo Mortensen, Maheshala Ali, Linda Cardellini 
700 1 |a Vallelonga, Nick  |0 IT\ICCU\DDSV\289845  |4 aus 
700 1 |a Vallelonga, Nick  |0 IT\ICCU\DDSV\289845  |4 sce 
700 1 |a Farneth, Steven  |0 IT\ICCU\DDSV\401350  |4 pro 
700 1 |a Parker, Kwame  |0 IT\ICCU\DDSV\401351  |4 pro 
700 1 |a Hatton, Mike  |0 IT\ICCU\DDSV\401352  |4 act 
700 1 |a Theba, Iqbal  |0 IT\ICCU\DDSV\401353  |4 act 
700 1 |a Maniscalco, Sebastian  |0 IT\ICCU\DDSV\401354  |4 act 
700 1 |a Porter, Sean  |0 IT\ICCU\LO1V\451038  |4 pht 
700 1 |a Mortensen, Viggo,  |d  (1958-)  |0 IT\ICCU\MILV\233230  |4 act 
700 1 |a Bowers, Kris  |0 IT\ICCU\MILV\349757  |4 cmp 
700 1 |a Ali, Mahershala  |0 IT\ICCU\MODV\663090  |4 act 
700 1 |a Currie, Brian  |0 IT\ICCU\MODV\669930  |4 aus 
700 1 |a Currie, Brian  |0 IT\ICCU\MODV\669930  |4 sce 
700 1 |a Cardellini, Linda  |0 IT\ICCU\RAVV\329400  |4 act 
700 1 |a Farrelly, Peter  |0 IT\ICCU\TO0V\369905  |4 drt 
700 1 |a Farrelly, Peter  |0 IT\ICCU\TO0V\369905  |4 aus 
700 1 |a Sloss, John  |0 IT\ICCU\UTOV\523903  |4 pro 
790 1 |a Mortensen, Viggo  |c  (attore)  |3 IT\ICCU\UBOV\271493  |z Mortensen, Viggo (1958-) 
942 |2 ddc  |c VM  |n 0 
952 |0 0  |1 0  |4 0  |6 VO_2377_000000000000000  |7 0  |9 27592  |a BO  |b BO  |d 2026-01-24  |i 19174  |l 0  |o VO 2377  |p BO19174  |r 2026-01-24 18:29:04  |w 2026-01-24  |x [Sebina 7] [1 dvd]  |y VM  |z 1 dvd 
999 |c 23381  |d 23381